• 首页
  • 本馆介绍
  • 公告通知
  • 最新文献
  • 馆藏检索
  • 电子资源
  • 读者荐购
  • 参考咨询
  • CALIS
  • 我的图书馆
  • 登录
  • 详细信息显示
  • 放入我的书架
  • 预约/预借图书
  • 作者相关作品
  • 分类相关作品
  • 丛书相关作品
  • 出版社相关作品

书目信息

  • 表格格式
  • 工作单格式
  • 卡片格式
题名:
红色历程300题
    
 
作者: 中国电力企业联合会 , 中共中央党史研究室 编著
分册:  
出版信息: 北京   党建读物出版社  2007.08
页数: 234页
开本: 22cm
丛书名:
单 册:
中图分类: D239
科图分类:
主题词: 中国共产党--党史--学习参考资料
电子资源:
ISBN: 978-7-80098-934-6
 
 
 
 
 
000 00931nam0 2200241 450
001 593978
005 20101124091505.31
010    @a978-7-80098-934-6@dCNY26.00
100    @a20101129d2005 km y0chiy0120 ea
101 0  @achi
102    @aCN@b420000
105    @ay a 000yy
200 1  @a红色历程300题@Ahong she li cheng 300 ti@f中共中央党史研究室,中国电力企业联合会编著
210    @a北京@c党建读物出版社@d2007.08
215    @a234页@d22cm
330    @a为迎接中国共产党第十七次全国代表大会的胜利召开,中共中央党史研究宣传教育办公室会同中国电力企业联合会共同编写了《红色历程300题》一书,作为举办中共党史知识竞赛的学习参考书。
540    @a红色历程300题
606 0  @a中国共产党@x党史@x学习参考资料
690    @aD239@v4
701  1 @a中国电力企业联合会@Azhong guo dian li qi ye lian he hui@4编著
701  0 @a中共中央党史研究室@Azhong gong zhong yang dang shi yan jiu shi@4编著
801    @aCN@c20101129
905    @dD239@eZ544
    
    红色历程300题/中共中央党史研究室,中国电力企业联合会编著.-北京:党建读物出版社,2007.08
    234页;22cm
    
    
    ISBN 978-7-80098-934-6:CNY26.00
    为迎接中国共产党第十七次全国代表大会的胜利召开,中共中央党史研究宣传教育办公室会同中国电力企业联合会共同编写了《红色历程300题》一书,作为举办中共党史知识竞赛的学习参考书。
●
相关链接 在E读中查询图书 在当当中查询图书 在豆瓣中查询图书


正题名:红色历程300题     索取号:D239/Z544         预约/预借

序号 登录号 条形码 馆藏地/架位号 状态 备注
1 1035409   210354098   社科库509/509社科库 69排1列5层/ [索取号:D239/Z544] 在馆    
2 1035410   210354105   社科库509/509社科库 69排1列5层/ [索取号:D239/Z544] 在馆    
3 1035411   210354114   社科库509/509社科库 69排1列5层/ [索取号:D239/Z544] 在馆    
河南城建学院图书馆 欢迎您!
大连网信软件有限公司© 版权所有